| 000 | 00735nam a22002177a 4500 | ||
|---|---|---|---|
| 003 | UA-OsUOA | ||
| 001 | 73014 | ||
| 007 | ta | ||
| 008 | 20110208b un ||||| |||| 00| 0 ukr d | ||
| 100 | _aРижков В. | ||
| 090 |
_a82 _bР49 |
||
| 942 | _cSA | ||
| 040 |
_aUA-OsUOA _bukr _cUA-OsUOA _dUA-OsUOA |
||
| 245 | _aПисьменник із покоління, що билося під Крутами. До 110-річного ювілею Валер'яна Підмогильного стали відомі нові факти з його біографії | ||
| 300 | _aС.9 | ||
| 955 | _a0 | ||
| 041 | _aukr | ||
| 080 | _a82 | ||
| 773 | 0 | _w73012 | |
| 650 | 7 |
_a82 Література. Літературознавство _2UDC |
|
| 999 |
_c359297 _d359297 |
||